Countries With The Highest Proportion of Men (Males) - Statistics

General Stats
  • This quiz has been taken 37 times
  • The average score is 6 of 12
Answer Stats
Ratio Country % Correct
1.08 India
94%
1.19 Saudi Arabia
81%
2.18 United Arab Emirates
75%
1.06 Pakistan
72%
3.41 Qatar
69%
1.41 Kuwait
64%
1.54 Bahrain
61%
1.09 Bhutan
33%
1.07 Libya
28%
1.23 Maldives
11%
1.09 Palau
3%
1.06 Seychelles
3%
No matching quizzes found
Score Distribution
Percent of People with Each Score
Percentile by Number Answered
Your Score History
You have not taken this quiz